Mundo hispánico : marzo 1958 /

Publicación española de periodicidad mensual, relativa a diversos aspectos de la comunidad iberoamericana, especialmente a las prácticas culturales que se desarrollan en los diferentes países de latinoamérica y en España.

Guardado en:
Detalles Bibliográficos
Otros autores: Campillo, Joaquín (dirección) (dirección)
Formato: Libro
Idioma:Español
Temas:
Etiquetas: Agrega una etiqueta
Sin etiquetas, Sé el primero en etiquetar este registro!

MARC

LEADER 00000nam^a2200000^a^4500
001 000116344
005 20250529000000.0
009 20260310094125.43
037 |a Acervo ITESO - Biblioteca 
041 |a ESP 
082 |a 306. 05  |b MUN 1958 V. 120 
240 1 1 |a [Mundo Hispánico] 
245 1 0 |a Mundo hispánico :  |b marzo 1958 /  |c Dir. de J. Campillo. 
264 |a Madrid, España :  |b Mundo Hispánico,  |c 1958 
300 |a 62 p. 
336 |a texto  |b txt  |2 rdacontenido 
337 |a sin mediación  |b n  |2 rdamedio 
338 |a volumen  |b nc  |2 rdasoporte 
520 |a Publicación española de periodicidad mensual, relativa a diversos aspectos de la comunidad iberoamericana, especialmente a las prácticas culturales que se desarrollan en los diferentes países de latinoamérica y en España. 
610 |a ONU 
649 |a XX 
650 |a Cultura -  |x Publicaciones Periódicas Españolas 
650 |a Guerra y Paz 
650 |a Argentinos en España 
650 |a Creación (Literaria, Artística, etc.) -  |z España 
650 |a Velas y Veladoras 
650 |a Artesanía 
650 |a Arte Popular 
650 |a Arte Religioso 
650 |a Danza -  |z Colombia 
650 |a Indígenas de América del Sur -  |z Colombia 
650 |a Prácticas Culturales -  |z Colombia 
650 |a Petróleo -  |z Colombia 
650 |a Economía -  |z Colombia 
650 |a Ceuta, España -  |x Descripción 
650 |a Paisajismo -  |z Cuba 
650 |a Pintura Cubana 
650 |a Arte Cubano -  |y Siglo XX 
650 |a Cuentos Españoles 
650 |a Poesía Española 
650 |a Literatura Española -  |y Siglo XX 
650 |a Luis, Leopoldo de 
650 |a Ydígoras, Carlos M. 
700 |a Campillo, Joaquín  |e (dirección) 
910 |a Fondo Salvador Reynoso Reynoso 
920 |a Impresos - Libros 
930 |a Fondos Especiales 
905 |a 112 
901 |a 0800003041  |b IT2  |c ESP  |u 20250521 
902 |a https://opac.biblio.iteso.mx/vufind/Record/000116344